• 首页
  • 本馆介绍
  • 公告通知
  • 最新文献
  • 馆藏检索
  • 电子资源
  • 读者导购
  • 参考咨询
  • 我的图书馆
  • 登录
  • 详细信息显示
  • 放入我的书架
  • 预约/预借图书
  • 作者相关作品
  • 分类相关作品
  • 丛书相关作品
  • 出版社相关作品

书目信息

  • 表格格式
  • 工作单格式
  • 卡片格式
书名: Dictionary of problem words and expressions
作者: Harry Shaw.
分册号:
分册名:
出版地: New York :
 
出版社: McGraw-Hill
出版时间: 1975.
页数: xxxiii, 261 p. ;
开本: 22 cm.
丛书名:
中图分类号:
科图分类号:
其他分类号: H313-61
主题词:
电子资源:
000 01033cam 22002890a 4504
001 E0729986682
003 CaOON
005 20070302082109.23
008 030327s1975 nyu d 0000 eng l
010    @a74013722 /AC/r842
020    @a0070564892.
040    @aDLC@beng@cDLC@dCaOONL@dCaOOPO
050 00 @aPE1460@b.S5158
082    @a428/.3
082    @a428/.3
090    @aJ683.042/W1
090    @aH313-61
099    @dH313-61@ex43
100 1  @aShaw, Harry,@d1905-
245 10 @aDictionary of problem words and expressions / @cHarry Shaw.
260 0  @aNew York :@bMcGraw-Hill,@c1975.
300    @axxxiii, 261 p. ;@c22 cm.
520    @aA brief guide to more effective writing and speaking accompanies an alphabetical arrangement of problem words and expressions which are described, discussed, and illustrated with examples of actual usage.
650  0 @aEnglish language@xIdioms.
650  0 @aEnglish language@xUsage.
650  0 @aEnglish language@xUsage@xDictionaries.
920    @a232010@z2
    
    Dictionary of problem words and expressions / / Harry Shaw.-New York : : McGraw-Hill, , 1975.
    xxxiii, 261 p. ; ; 22 cm.
    A brief guide to more effective writing and speaking accompanies an alphabetical arrangement of problem words and expressions which are described, discussed, and illustrated with examples of actual usage.
    
    ISBN 0070564892.
    A brief guide to more effective writing and speaking accompanies an alphabetical arrangement of problem words and expressions which are described, discussed, and illustrated with examples of actual usage.
●
相关链接 在E读中查询图书 在五车中查询图书 在当当中查询图书 在豆瓣中查询图书


正题名:Dictionary of problem words and expressions     索取号:H313-61/x43         预约/预借

序号 登录号 条形码 馆藏地/架位号 状态 备注
1 184065   001300979   密集书库/ [索取号:H313-61/x43] 在馆    
2 96498   001300817   密集书库/ [索取号:H313-61/x43] 在馆    
3 96499   001300853   密集书库/ [索取号:H313-61/x43] 在馆    
4 96500   001300354   第四借阅区/ [索取号:H313-61/x43] 在馆    
5 96501   001300899   第四借阅区/ [索取号:H313-61/x43] 在馆    
6 96502   001300844   第四借阅区/ [索取号:H313-61/x43] 在馆    
7 96503   202456010   第四借阅区/ [索取号:H313-61/x43] 在馆    
8 96504   001300363   第四借阅区/ [索取号:H313-61/x43] 在馆    
9 96505   001300826   第四借阅区/ [索取号:H313-61/x43] 在馆    
10 96506   001300933   第四借阅区/ [索取号:H313-61/x43] 在馆    
11 96507   001300835   密集书库/ [索取号:H313-61/x43] 在馆    
唐山师范学院图书馆 欢迎您!
大连网信软件有限公司© 版权所有